00752 2200205 4500001002100000005001700021008004100038035002400079090002200103100001600125245020000141260002800341300002900369500008200398650002000480850001200500980001300512985000600525999001500531YOGYA-0209000004426620090227030342.0 ind  0010-020900000044266 a338.91bTri FlSK aTRI WAHYUDI aFaktor-faktor yang mempengaruhi keberhasilan kelompok bantuan dusun : Studi Kasus di Dusun Banjarandan dusun Semen, Desasukoreno kecamatan Sentolo, kabupaten Kulon Progocdisusun oleh Tri Wahyuni aYogyakartab[s.n]c1995 a[10],115,[8] lembc29 cm aSkripsi : Fakultas Sosial dan Ilmu Politik Universitas Gadjah Mada Yogyakarta aBantuan Ekonomi aYOPDYOG a17122007 a1 a07A0027080